| 000 | 00000nam##2200000za#4500 |
| 001 | 9.581433 |
| 003 | CaOODSP |
| 005 | 20210624191519 |
| 007 | cr ||||||||||| |
| 008 | 150406|2015||||xxc|||||o f|0| 0 eng|d |
| 020 | |a978-1-100-25579-8 |
| 040 | |aCaOODSP|beng |
| 043 | |an-cn--- |
| 086 | 1 |aFD5-1/7-2015E-PDF |
| 110 | 2 |aFinancial Transactions and Reports Analysis Centre of Canada. |
| 245 | 10|aMass marketing fraud : |h[electronic resource]|bmoney laundering methods and techniques |
| 260 | |aOttawa - Ontario : |bFinancial Transactions and Reports Analysis Centre of Canada |
| 300 | |a17p.|bfigs., graphs |
| 490 | 1 |aFINTRAC typologies and trends reports|vJanuary 2015 |
| 590 | |a15-10|b2015-03-06 |
| 690 | 07|aEconomic crime|2gcpds |
| 775 | 08|tLa fraude par marketing de masse : |w(CaOODSP)9.608262 |
| 830 | #0|aFINTRAC typologies and trends reports ;|vJanuary 2015|w(CaOODSP)9.506131 |
| 856 | 40|ahttp://publications.gc.ca|qPDF|s2.43 MB|uhttps://publications.gc.ca/collections/collection_2015/canafe-fintrac/FD5-1-7-2015-eng.pdf|yJanuary 2015 |